000 00689nam a2200277Ia 4500
005 20260324141230.0
008 008 260324s9999 xx 000 0 eng d
020 _a9780203031223
037 _aEBOOK
040 _aCRL
040 _beng
040 _cCRL
041 _2eng
041 _aeng
084 _qCRL
100 _aMaria Cristina Marcuzzo; Annalisa Rosselli; Lawrence H. Officer
_91207417
245 0 _aMonetary Standards and Exchange Rates
260 _bTaylor and Francis
260 _c1997
365 _a
365 _b300
856 _uhttp://www.taylorfrancis.com/books/9780203031223
942 _cEBOOK
999 _c1810289
_d1810289